Aprender mediación
সংরক্ষণ করুন:
| প্রধান লেখক: | |
|---|---|
| বিন্যাস: | গ্রন্থ |
| ভাষা: | স্প্যানিশ |
| প্রকাশিত: |
Barcelona
Paidós
2003
|
| সংস্করন: | 1a. ed |
| মালা: | Aprender, 12
|
| বিষয়গুলি: | |
| ট্যাগগুলো: |
ট্যাগ যুক্ত করুন
কোনো ট্যাগ নেই, প্রথমজন হিসাবে ট্যাগ করুন!
|
MARC
| LEADER | 00000cam a2200000 a 4500 | ||
|---|---|---|---|
| 001 | UCL7004 | ||
| 003 | CL-VaPUC | ||
| 008 | 040423e20030000SP |||||||||||||||||spa|d | ||
| 020 | |a 8449313643 | ||
| 082 | 0 | 4 | |a 303.69 |b VIN |2 21 |
| 100 | 0 | |a Vinyamata Camp, Eduard |e author |9 484711 | |
| 245 | 1 | 0 | |a Aprender mediación |
| 250 | |a 1a. ed | ||
| 300 | |a 107 p | ||
| 942 | |c BK | ||
| 945 | |d 20040423 00:00:00 |a cmena | ||
| 260 | |a Barcelona |b Paidós |c 2003 | ||
| 650 | 0 | |a Mediación |9 338396 | |
| 650 | 0 | |a Dinámica de grupos |9 259862 | |
| 650 | 7 | |a NEUTRALIDAD |2 CL-VaPUC |9 375136 | |
| 650 | 0 | |a Solución de conflictos |9 266729 | |
| 583 | |a last modification |c 20140425 09:14:26 |k Rodrigo Vera | ||
| 490 | 0 | |a Aprender, 12 | |
| 999 | |c 308874 |d 308872 | ||
| 952 | |0 0 |1 0 |4 0 |6 303_690000000000000_VIN_2003 |7 0 |8 A |9 375789 |a BIBEDU |b BIBEDU |d 2019-11-21 |i 3988686 |o 303.69 VIN 2003 |p 3988686 |r 2019-11-21 |w 2019-11-21 |y BK |k EBA | ||
| 952 | |0 0 |1 0 |4 0 |6 303_690000000000000_VIN_2003 |7 0 |8 A |9 375790 |a BIBDER |b BIBDER |d 2019-11-21 |i 4176316 |o 303.69 VIN 2003 |p 4176316 |r 2023-01-25 |w 2019-11-21 |y BK |k DER | ||
| 952 | |0 0 |1 0 |3 erb |4 0 |6 303_690000000000000_VIN_2003 |7 0 |8 A |9 375792 |a BIBGIM |b BIBGIM |i 5070589 |o 303.69 VIN 2003 |p 5070589 |r 2025-01-15 |w 2019-11-21 |y BK |z Catalogado en:20140409 |k SSL | ||